| 000 | 01469 a2200265 4500 | ||
|---|---|---|---|
| 001 | 21549 | ||
| 005 | 20260407155505.0 | ||
| 008 | 260407a2011 arg spa d | ||
| 003 | AR-UNSa-BCEJYS | ||
| 040 |
_aAR-UNSa-BCEJYS _bspa _cAR-UNSa-BCEJYS |
||
| 080 |
_a657 _xContabilidad |
||
| 245 | 1 | 0 | _aCuestiones contables fundamentales |
| 020 | _a978-987-03-1896-5 | ||
| 250 | _a5a. ed. | ||
| 264 | 1 |
_aBuenos Aires : _bLa Ley _c2011 |
|
| 300 |
_alvi, 694 p. _c24 cm. |
||
| 505 | _a1. Contabilidad, informes contables y cuestiones relacionadas - 2. Cualidades de la información financiera útil - 3. Objetos de reconocimiento y medición contable - 4. La moneda de medición - 5. Reconocimiento y baja contable - 6. Medición contable - 7. Modelos contables - 8. Estados financieros - 9. Informes contables internos - 10. Emisión y modificación de normas contables - 11. Armonización de las normas contables - 12. Las Normas Internacionales de Información Financiera (NIIF) - 13. La NIIF para las Pymes - 14. Las normas contables en la Argentina - 15. Los US GAAP - 16. La convergencia entre las NIIF y los US GAAP y la aplicación de las primeras en los Estados Unidos | ||
| 041 | _aspa | ||
| 942 | _cBK | ||
| 590 | _aniveau_biblio:m niveau_hierar:0 | ||
| 100 | 1 | _aFowler Newton, Enrique | |
| 650 | _aNIIF | ||
| 856 | 4 | 1 |
_uhttps://biblioeco.unsa.edu.ar/pmb/images/libros/Cuestiones Contables Fundamentales 2.jpg _yImagen de portada _qimage/jpeg |
| 650 | _a niif | ||
| 999 |
_c815 _d815 |
||